000 00370nam a2200145Ia 4500
008 231217s9999 xx 000 0 und d
041 _aEnglish
082 _a001.6424JAV MCG;1 R
100 _aMcGrath, Mike
245 0 _aJava programming in easy steps
260 _c2005
_bDreamtech press
_aNew Delhi
300 _a189
650 _aJava,programming
942 _cAA
999 _c175682
_d175682